000 00404nam a22001457a 4500
999 _c15411
_d15411
020 _a9781948230490
082 _a664.02
_bKAR/PO
100 _aKarthik, S.K
_93088
245 _aPost harvest processing and food engineering (Objective questions and answers)
260 _aChennai
_bNotion Press
_c2017
300 _a177p
700 _aSathishkumar
_93089
700 _aNanje Gowda, N.A
_93090
942 _cBK